000 00361 a2200169 4500
001 56558
020 _a8532518494
040 _cAnchieta - Pituba
100 _aCastejon, Philippe
240 1 0 _aFundadores de Roma
_lpor
245 1 0 _aFundadores de Roma
300 _a127
362 0 _a2005
440 1 _aRocco
650 4 _aLiteratura juvenil
942 _cBK
999 _c56558
_d56558